000 00888nam a22002537a 4500
003 OSt
005 20250926161907.0
008 250926t |||a|||| |||| 00| 0 spa d
037 _bDonación
040 _aCO-JMCR
_bspa
_cCO-JMCR
_dCO-JMCR
_erda
041 0 _aspa
082 0 4 _223
_aN
_bREYn
100 1 _aReyes, Yolanda,
_d1959-
_eautora.
_94863
245 1 4 _aLos nombres secretos /
_cYolanda Reyes; ilustraciones de Elena Arévalo Melville.
264 _aBogotá :
_bMacMillan,
_c2024.
300 _a61 páginas :
_bIlustraciones ;
_c20 cm.
521 _aRecomendado para niños entre 7 a 12 años.
650 2 4 _2JMCR
_aResiliencia
_944355
650 2 4 _2JMCR
_aNovela infantil colombiana
_96541
650 2 4 _2JMCR
_aLiteratura infantil colombiana
_914030
650 2 4 _2JMCR
_aFamilia en la literatura
_9591
700 1 _aArévalo Melville, Elena,
_eilustradora.
_944356
942 _2ddc
_cBK
999 _c31092
_d17476